000 005750000a22001810004500
003 LK-CoMWRAF
005 20240624123746.0
008 230817t ||||| |||| 00| 0 eng d
040 _aLK-CoMWRAF
_dLK-CoMWRAF
_eLK-CoMWRAF
041 _aeng
082 _a375
_bOPE
245 _aOpening minds to brotherhood:
_ba resource manual for teachers in the field of human relations
260 _aToronto:
_bCanadian council of Christians and Jews,
300 _a36 p.
_bBibliography included
650 _aHUMAN RELATIONS-Handbooks
650 _aBrotherhood-Curricula
942 _cBK
999 _c2363
_d2363